Clair Obscur: Expedition 33 Trivia - Statistics

General Stats
  • This quiz has been taken 243 times
  • The average score is 17 of 29
Answer Stats
Hint Answer % Correct
Protagonist of the game's first act Gustave
99%
His adopted sister Maelle
96%
Man who ambushes Expedition 33 on the beach and serves as a secondary antagonist Renoir
85%
The Protagonist of the game's second act Verso
85%
The motto of the expeditioners, also said by Gustave on a charged Overcharge attack For those who come after
79%
The game's overarching antagonist as of Act I The Paintress
78%
Maelle's true identity Alicia
76%
His Gestral companion, who lives in an icy train station Monoco
76%
The name of the Paintress's true identity Aline
74%
Gustave's ex-girlfriend and friend to Sciel Sophie
73%
The instrument he plays Piano
72%
Practically, these are are equipped in sets of three to boost stats and provide buffs, while Lune is shown to have them tattooed on her body. Pictos
69%
Secret boss found under Renoir's Drafts Simon
67%
The Axon modelled by Renoir after Aline Sirene
63%
Secret boss found in the Flying Manor Clea
62%
Invention Gustave made for the 33rd expedition Lumina Converter
62%
Rock that Esquie asks the expeditioners to take from Francois Florrie
60%
Gustave is given this by his apprentices, and Maelle later uses it to gain a Gradiant Attack Journal
53%
The Axon modelled by Renoir after Verso Visages
53%
Title of outfit and hairstyle options dropped by defeated mimes Baguette
50%
Sciel's occupation prior to joining the expedition but after working as a farmer Teacher
44%
The nickname he and Maelle give Expedition 33 Disaster Expedition
40%
His boss fight theme Une Vie À T'aimer
39%
Ending whereupon Maelle remains in the Canvas A Life to Paint
25%
Ending whereupon the Canvas is destroyed A Life to Love
24%
The Axon modelled by Renoir after Clea, whose corpse can be found in Old Lumiere Hauler
20%
His starting weapon Noahram
19%
Francois' mocap stand-in was this object Water Bottle
13%
Song in the soundtrack featuring a duet between Alice Duport-Percier and Verso actor Ben Starr Until Next Life
8%
No matching quizzes found
Score Distribution
Percent of People with Each Score
Percentile by Number Answered
Your Score History
You have not taken this quiz